[Event "CAN-ch U14"]
[Site "Sault Ste Marie"]
[Date "2017.07.09"]
[Round "6.41"]
[White "Zhang, Kevin3333"]
[Black "Shinn, Jungmin"]
[Result "1-0"]
[WhiteElo "1205"]
[BlackElo "1079"]
[PlyCount "37"]
[EventDate "2017.07.06"]
[EventType "swiss"]
[EventRounds "7"]
[EventCountry "CAN"]
[SourceTitle "EXT 2022"]
[Source "ChessBase"]
[SourceDate "2021.10.06"]
[SourceVersion "1"]
[SourceVersionDate "2021.10.06"]
[SourceQuality "1"]

1. e4 c5 2. Nf3 d6 3. d4 cxd4 4. Nxd4 Nf6 5. Nc3 a6 6. Bc4 e6 7. 0-0 b5 8. Bd3 Bb7 9. Re1 Be7 10. e5 dxe5 11. Rxe5 Qxd4 12. Bxb5+ axb5 13. Qxd4 Nc6 14. Qb6 Nxe5 15. Qxb7 Rd8 16. Bf4 Ng6 17. Bg3 0-0 18. Nxb5 Rb8 19. Bxb8 1-0

[Event "CAN-ch U14"]
[Site "Sault Ste Marie"]
[Date "2017.07.06"]
[Round "1.36"]
[White "Shinn, Jungmin"]
[Black "Bu, Kevin1111"]
[Result "0-1"]
[WhiteElo "1079"]
[BlackElo "1981"]
[PlyCount "113"]
[EventDate "2017.07.06"]
[EventType "swiss"]
[EventRounds "7"]
[EventCountry "CAN"]
[SourceTitle "EXT 2022"]
[Source "ChessBase"]
[SourceDate "2021.10.06"]
[SourceVersion "1"]
[SourceVersionDate "2021.10.06"]
[SourceQuality "1"]

1. e4 Nf6 2. Nc3 e5 3. Nf3 Bb4 4. d3 d5 5. exd5 Nxd5 6. Bd2 Bxc3 7. Bxc3 Nxc3 8. bxc3 Nc6 9. d4 exd4 10. cxd4 0-0 11. Be2 Bg4 12. c3 Ne7 13. h3 Bxf3 14. Bxf3 c6 15. Qb1 Rb8 16. Be4 f5 17. Qb3+ Kh8 18. Bf3 Re8 19. 0-0-0 Nd5 20. Bxd5 cxd5 21. Qc2 Rc8 22. g4 f4 23. Rd3 Qe7 24. Rf3 Qd6 25. h4 Re4 26. Rd3 Qa3+ 27. Kd1 Qe7 28. g5 Re8 29. Kc1 Qa3+ 30. Qb2 Qxb2+ 31. Kxb2 Re2+ 32. Ka3 Rxf2 33. Rb1 b6 34. Rb5 Rd8 35. Kb3 Kg8 36. a4 Kf7 37. a5 Rd6 38. c4 dxc4+ 39. Kxc4 Kg6 40. Rh3 h5 41. Kd3 Ra2 42. Ke4 Re2+ 43. Kd3 Ra2 44. Ke4 Ra4 45. Rd5 Rxd5 46. Kxd5 Rxa5+ 47. Ke6 Ra1 48. Rc3 Re1+ 49. Kd6 Kf5 50. Rc7 g6 51. Rf7+ Kg4 52. Rf6 f3 53. Rxg6 f2 54. Rf6 f1Q 55. Rxf1 Rxf1 56. g6 Kf5 57. Ke7 0-1